Library Logo

Pioneer International University Library Catalogue

Prime time / (Record no. 10050)

MARC details
000 -LEADER
fixed length control field 00696nam a22002417a 4500
003 - CONTROL NUMBER IDENTIFIER
control field OSt
005 - DATE AND TIME OF LATEST TRANSACTION
control field 20260413073049.0
008 - FIXED-LENGTH DATA ELEMENTS--GENERAL INFORMATION
fixed length control field 260413b |||||||| |||| 00| 0 eng d
020 ## - INTERNATIONAL STANDARD BOOK NUMBER
International Standard Book Number 0804740670
040 ## - CATALOGING SOURCE
Transcribing agency Thomas Nelson inc,
041 ## - LANGUAGE CODE
Language code of text/sound track or separate title english
050 ## - LIBRARY OF CONGRESS CALL NUMBER
Classification number BV 4579.5 .B37 1978
Item number .B37 1978
100 ## - MAIN ENTRY--PERSONAL NAME
Personal name Barks, Herbert B.
Relator term AUTHOR
245 ## - TITLE STATEMENT
Title Prime time /
Statement of responsibility, etc. Herbert B. Barks.
250 ## - EDITION STATEMENT
Edition statement 5th edition.
260 ## - PUBLICATION, DISTRIBUTION, ETC.
Place of publication, distribution, etc. Nashville, Tenn. :
Name of publisher, distributor, etc. Thomas Nelson Inc.,
Date of publication, distribution, etc. 1978.
300 ## - PHYSICAL DESCRIPTION
Extent 134 pags ;
Dimensions 23 cm.
650 ## - SUBJECT ADDED ENTRY--TOPICAL TERM
Topical term or geographic name entry element Middle-aged
General subdivision Religious life.
650 ## - SUBJECT ADDED ENTRY--TOPICAL TERM
Topical term or geographic name entry element Middle-aged
General subdivision conduct of life
655 ## - INDEX TERM--GENRE/FORM
Source of term lcgft
Genre/form data or focus term Religious works
700 ## - ADDED ENTRY--PERSONAL NAME
Personal name Barks, Herb
Relator term author
942 ## - ADDED ENTRY ELEMENTS (KOHA)
Source of classification or shelving scheme Library of Congress Classification
Koha item type Books
Suppress in OPAC No
Holdings
Withdrawn status Lost status Source of classification or shelving scheme Damaged status Not for loan Home library Current library Date acquired Total checkouts Full call number Barcode Date last seen Price effective from Koha item type
    Library of Congress Classification     PIU Library Main Library 04/13/2026   BV 4579.5 .B37 1978 PIUDLMUR1021 04/13/2026 04/13/2026 Books